|
|
|
|
| LEADER |
00000nam a2200000 a 4500 |
| 001 |
vtls009176825 |
| 003 |
SK-MaSNL |
| 005 |
20260301143313.0 |
| 008 |
080123s2007 xo g 000 0 slo |
| 015 |
|
|
|a SNBA2008/02-00666
|
| 020 |
|
|
|a 9788071402725 (viaz.)
|
| 040 |
|
|
|a SNK
|b slo
|c SNK
|e AACR2
|
| 041 |
0 |
|
|a slo
|
| 044 |
|
|
|a xo
|c SK
|
| 072 |
|
7 |
|a 2-23/-27
|x Biblia. Biblistika
|2 konspekt
|
| 080 |
|
|
|a 27-232/-236
|2 2001
|
| 080 |
|
|
|a (0:82-9)
|2 2001
|
| 130 |
0 |
|
|a Biblia
|l Slovensky
|9 96920
|
| 245 |
1 |
0 |
|a Biblia
|b písmo Sväté Starej a Novej zmluvy
|
| 250 |
|
|
|a [1. vyd.]
|
| 260 |
|
|
|a Liptovský Mikuláš
|b Tranoscius
|a Banská Bystrica
|b Slovenská biblická spoločnosť
|c [2007]
|
| 300 |
|
|
|a 299 s.
|c 19 cm
|
| 630 |
0 |
7 |
|a Biblia
|2 SNKPH
|9 17043
|
| 650 |
0 |
7 |
|a biblické texty
|2 SNKPH
|9 1917
|
| 655 |
|
7 |
|a texty
|2 SNKPH
|9 70511
|
| 919 |
|
|
|a 978-80-7140-272-5
|
| 958 |
|
|
|a NT
|
| 968 |
|
|
|d 2
|
| 999 |
|
|
|c 773239
|d 775169
|
| 952 |
|
|
|a SNK
|b SNK
|y PREZ
|7 0
|p 17A0576301
|o snkSD 77104
|i snk2008/1805
|8 0
|0 0
|1 0
|4 0
|d 2008-01-23
|l 0
|r 2025-11-25 00:00:00
|w 2026-02-24
|
| 952 |
|
|
|a SNK
|b SNK
|y VYP
|7 0
|p 17A0576309
|o snkSD 77104 D1
|i snk2008/1806
|8 0
|0 0
|1 0
|4 0
|d 2008-01-23
|l 0
|r 2017-06-30 00:00:00
|w 2026-02-24
|